| 000 | 00604nam a22001697a 4500 | ||
|---|---|---|---|
| 003 | NUST-PNEC | ||
| 005 | 20170116180722.0 | ||
| 008 | 141027b xxu||||| |||| 00| 0 eng d | ||
| 040 | _cPNEC | ||
| 082 | _a620.0045 ADI | ||
| 100 |
_9843 _aAnalog Devices Incorporated - ADI |
||
| 245 |
_aDesigner's reference manual 1996 _cAnalog Devices Incorporated - ADI |
||
| 260 |
_aNorwood, Mass. : _bAnalog Devices, _cc.1996. |
||
| 300 |
_a1 v. (various pagings) : _bill. ; _c23 cm |
||
| 500 | _ahttps://www.worldcat.org/title/designers-reference-manual-1996/oclc/779154299&referer=brief_results | ||
| 942 |
_2ddc _cBK |
||
| 999 |
_c61427 _d61427 |
||